[Event "2016 Edmonton Championship"]
[Site "Edmonton"]
[Date "2016.02.11"]
[Round "3.2"]
[White "Reeve, Jeff"]
[Black "Pechenkin, Vladimir"]
[Result "1/2-1/2"]
[WhiteElo "2327"]
[BlackElo "2371"]
[PlyCount "83"]
[EventDate "2016.01.07"]
[EventType "k.o."]
[EventRounds "4"]
[EventCountry "CAN"]

1. e4 e6 2. d4 d5 3. Nc3 Bb4 4. e5 c5 5. a3 Bxc3+ 6. bxc3 Ne7 7. h4 Qa5 8. Bd2
Nbc6 9. h5 Qa4 10. Nf3 cxd4 11. Rh4 b6 12. Nxd4 Nxd4 13. Rxd4 Qd7 14. Qg4 Nf5
15. Bd3 Qc7 16. Bxf5 Qxe5+ 17. Kf1 exf5 18. Qh4 O-O 19. Re1 Ba6+ 20. Kg1 Qd6
21. h6 Rfe8 22. Rxe8+ Rxe8 23. hxg7 Bc4 24. a4 Kxg7 25. Qh3 Re4 26. Qxf5 Qg6
27. Qh3 h5 28. Rxe4 dxe4 29. Be3 Qg4 30. Bd4+ Kg6 31. Qe3 Be2 32. Be5 f6 33.
Bg3 Kg7 34. Qd2 Kh7 35. Qd5 Kg7 36. Qb7+ Kg6 37. Qb8 h4 38. Qg8+ Kf5 39. Qd5+
Kg6 40. Qg8+ Kf5 41. Qd5+ Kg6 42. Qg8+ 1/2-1/2

[Event "2016 Edmonton Championship"]
[Site "Edmonton"]
[Date "2016.02.14"]
[Round "3.3"]
[White "Reeve, Jeff"]
[Black "Pechenkin, Vladimir"]
[Result "0-1"]
[WhiteElo "2327"]
[BlackElo "2371"]
[PlyCount "156"]
[EventDate "2016.01.07"]
[EventType "k.o."]
[EventRounds "4"]
[EventCountry "CAN"]

1. e4 e6 2. d4 d5 3. Nc3 Bb4 4. exd5 exd5 5. Bd3 Nc6 6. a3 Bxc3+ 7. bxc3 Nge7
8. Qh5 Be6 9. Rb1 Rb8 10. Nf3 Qd7 11. Ng5 Ng6 12. h3 Nce7 13. O-O Bf5 14. Re1
Bxd3 15. cxd3 h6 16. Nf3 O-O 17. Ne5 Qd6 18. f4 Nxe5 19. Rxe5 Ng6 20. Rxd5 Nxf4
21. Rxd6 Nxh5 22. Rd7 Rfc8 23. Rd5 Nf6 24. Rdb5 b6 25. Bf4 Rb7 26. Re1 c6 27.
Rf5 Nd5 28. Bd2 Re7 29. Re4 Rce8 30. c4 Rxe4 31. dxe4 Nc7 32. e5 Rd8 33. Rf4
Ne6 34. Rg4 Rxd4 35. Rxd4 Nxd4 36. Kf2 Kf8 37. Bc3 Ne6 38. Ke3 Ke7 39. Bb4+ c5
40. Bc3 Nd8 41. Ke4 Ke6 42. g4 Nc6 43. Bb2 Ne7 44. Bc3 g6 45. Bd2 h5 46. Bc3
hxg4 47. hxg4 Ng8 48. Bd2 f5+ 49. exf6 Nxf6+ 50. Kf4 g5+ 51. Kf3 Nd7 52. Bxg5
Ne5+ 53. Ke4 Nxc4 54. a4 Nd6+ 55. Kd3 Nf7 56. Bf4 Ne5+ 57. Kc3 Nxg4 58. Bb8 a6
59. Ba7 Nf6 60. Bxb6 Nd5+ 61. Kc4 Nxb6+ 62. Kxc5 Nd5 63. a5 Ke5 64. Kc4 Kd6 65.
Kd4 Kc6 66. Kc4 Nc7 67. Kb4 Kd5 68. Ka4 Kc4 69. Ka3 Kb5 70. Kb3 Kxa5 71. Ka3
Kb5 72. Kb3 a5 73. Ka3 a4 74. Ka2 Kb4 75. Kb2 a3+ 76. Ka2 Nb5 77. Kb1 Kb3 78.
Ka1 Nd4 0-1

[Event "2016 Edmonton Championship"]
[Site "Edmonton"]
[Date "2016.02.14"]
[Round "3.4"]
[White "Pechenkin, Vladimir"]
[Black "Reeve, Jeff"]
[Result "1/2-1/2"]
[WhiteElo "2371"]
[BlackElo "2327"]
[PlyCount "102"]
[EventDate "2016.01.07"]
[EventType "k.o."]
[EventRounds "4"]
[EventCountry "CAN"]

1. c4 e5 2. g3 Nf6 3. Bg2 c6 4. d4 e4 5. Nc3 d5 6. cxd5 cxd5 7. Bg5 Nbd7 8. Qb3
Bd6 9. Qb5 O-O 10. Nxd5 a6 11. Qa4 b5 12. Qc2 Bb7 13. Bxe4 Bxd5 14. Bxd5 Bb4+
15. Kf1 Rc8 16. Qd3 Nb6 17. Be4 h6 18. Bxf6 Qxf6 19. Nf3 Rc4 20. Kg2 Rfc8 21.
Rhd1 Qe7 22. Ne5 R4c7 23. Bh7+ Kh8 24. Bf5 Rd8 25. Qf3 Nd5 26. a3 Ba5 27. Rac1
Rd6 28. Rxc7 Bxc7 29. Rc1 g6 30. Bd3 Kg7 31. Rc6 Nf6 32. Rxd6 Qxd6 33. e3 Qe7
34. Nc6 Qe6 35. Nb4 Ba5 36. Nc6 Bd2 37. Nd8 Qc8 38. Nb7 Bc1 39. a4 Bxb2 40.
axb5 axb5 41. Bxb5 h5 42. h4 Ba3 43. Bc6 Qc7 44. Nc5 Ng4 45. Nd3 Qa5 46. Bd5
Nf6 47. Bc6 Qd2 48. Ne5 Bd6 49. Ba8 Qa5 50. Nc4 Qc7 51. Nxd6 Qxd6 1/2-1/2

[Event "2016 Edmonton Championship"]
[Site "Edmonton"]
[Date "2016.02.18"]
[Round "4.1"]
[White "Valencia, Belsar"]
[Black "Pechenkin, Vladimir"]
[Result "1/2-1/2"]
[WhiteElo "2327"]
[BlackElo "2371"]
[PlyCount "57"]
[EventDate "2016.01.07"]
[EventType "k.o."]
[EventRounds "4"]
[EventCountry "CAN"]

1. d4 Nf6 2. Nf3 d6 3. Bf4 g6 4. h3 Bg7 5. e3 O-O 6. Be2 c5 7. c3 Qb6 8. Qb3
Be6 9. Qxb6 axb6 10. a3 Nc6 11. Nbd2 cxd4 12. cxd4 Bd5 13. O-O Rfe8 14. Bh2 e5
15. dxe5 dxe5 16. Nc4 e4 17. Nfd2 Nd7 18. Nd6 Re7 19. Bc4 Bxc4 20. N2xc4 Na5
21. Rad1 Nxc4 22. Nxc4 b5 23. Nd6 Bxb2 24. Nxb5 Be5 25. Nd6 Bxh2+ 26. Kxh2 Nf6
27. Rb1 Rxa3 28. Rxb7 Rxb7 29. Nxb7 1/2-1/2

[Event "2016 Edmonton Championship"]
[Site "Edmonton"]
[Date "2016.02.25"]
[Round "4.2"]
[White "Pechenkin, Vladimir"]
[Black "Valencia, Belsar"]
[Result "1/2-1/2"]
[WhiteElo "2371"]
[BlackElo "2327"]
[PlyCount "69"]
[EventDate "2016.01.07"]
[EventType "k.o."]
[EventRounds "4"]
[EventCountry "CAN"]

1. c4 g6 2. Nc3 Bg7 3. g3 Nf6 4. Bg2 d6 5. d3 O-O 6. e4 c5 7. Nge2 Nc6 8. O-O
Ne8 9. Be3 Nd4 10. Rb1 a5 11. Bxd4 cxd4 12. Nb5 e5 13. a4 Nc7 14. f4 Na6 15. f5
Bh6 16. Kh1 f6 17. Ng1 Be3 18. Bh3 Kg7 19. b3 Bxg1 20. Kxg1 g5 21. Bg4 Qe7 22.
Bh5 Bd7 23. Rf2 Kh8 24. h3 Rg8 25. Kh2 Rg7 26. Qc2 Nb4 27. Qd2 Bc6 28. Re1 b6
29. Ree2 Na6 30. Re1 Nc5 31. Qd1 Rd8 32. Qb1 Rc8 33. Qd1 Qd8 34. Qb1 Ra8 35.
Qd1 1/2-1/2

[Event "2016 Alberta Championship"]
[Site "Edmonton"]
[Date "2016.03.25"]
[Round "1"]
[White "Haessel, Dale"]
[Black "Ng, Gary"]
[Result "0-1"]
[WhiteElo "2212"]
[BlackElo "2228"]
[PlyCount "100"]
[EventDate "2016.03.25"]
[EventType "tourn"]
[EventRounds "5"]
[EventCountry "CAN"]

1. d4 Nf6 2. c4 e6 3. Nf3 b6 4. a3 Ba6 5. Qc2 Bb7 6. Nc3 c5 7. e4 cxd4 8. Nxd4
Bc5 9. Nf3 Nc6 10. Bd3 Qb8 11. O-O Ng4 12. Ne2 Nce5 13. Nxe5 Qxe5 14. Bf4 Qf6
15. Bg3 h5 16. h4 g5 17. hxg5 Qxg5 18. b4 Be7 19. c5 bxc5 20. bxc5 e5 21. Bb5
Rc8 22. Rfd1 Bc6 23. Qd3 Nf6 24. Bxc6 Rxc6 25. Rab1 O-O 26. Rb7 h4 27. Bh2 Bxc5
28. Nc3 Bxf2+ 29. Kf1 Ng4 30. Nd5 Bc5 31. Bg1 f5 32. Ke2 Bxg1 33. Rxd7 Bc5 34.
Qb3 Kh8 35. Qb7 Rh6 36. Rf7 Rxf7 37. Qxf7 Qh5 38. Qxf5 Qxf5 39. exf5 Bxa3 40.
Rb1 Ra6 41. Rh1 Rh6 42. Rb1 Rd6 43. Nc3 Rd7 44. Ne4 Be7 45. Kf3 Nf6 46. Ng5
Rd3+ 47. Ke2 Rg3 48. Nf7+ Kg7 49. Nxe5 Rxg2+ 50. Kf1 Rg5 0-1

[Event "2016 Alberta Championship"]
[Site "Edmonton"]
[Date "2016.03.25"]
[Round "1"]
[White "Matras-Clement, Agnieszka"]
[Black "Banerjee, Bitan"]
[Result "0-1"]
[WhiteElo "2243"]
[BlackElo "2320"]
[PlyCount "98"]
[EventDate "2016.03.25"]
[EventType "tourn"]
[EventRounds "5"]
[EventCountry "CAN"]

1. e4 e6 2. d4 d5 3. Nd2 Nf6 4. e5 Nfd7 5. Bd3 c5 6. c3 Nc6 7. Ne2 a5 8. O-O a4
9. Nf3 a3 10. b3 cxd4 11. cxd4 Nb4 12. Nf4 Nxd3 13. Nxd3 Nb8 14. Be3 Bd7 15.
Rc1 Bb5 16. Nfe1 Nc6 17. f4 g6 18. Rf2 Be7 19. Kh1 Qb6 20. Nc5 Qa7 21. Qd2 b6
22. Ncd3 Qa6 23. Qd1 Kd7 24. Rfc2 Rac8 25. Kg1 Rc7 26. Nf2 Rhc8 27. Nfd3 Qb7
28. Kf2 Ba6 29. Qd2 Bh4+ 30. Kg1 Be7 31. Kf2 Ra8 32. Kg1 Qc8 33. Kf2 Qf8 34.
Qd1 Bb5 35. Kg1 Kc8 36. Kf2 Kb7 37. Kg1 Rac8 38. Qd2 Qg8 39. Nf3 h6 40. Nf2 Qg7
41. Kh1 Qf8 42. Nd3 Qd8 43. Nf2 Ba6 44. Kg1 Nb4 45. Rxc7+ Rxc7 46. Rxc7+ Qxc7
47. Ne1 Qc6 48. h3 Qb5 49. Nd1 Nxa2 0-1

[Event "2016 Alberta Championship"]
[Site "Edmonton"]
[Date "2016.03.25"]
[Round "1"]
[White "Pechenkin, Vladimir"]
[Black "Valencia, Belsar"]
[Result "1-0"]
[WhiteElo "2309"]
[BlackElo "2283"]
[PlyCount "149"]
[EventDate "2016.03.25"]
[EventType "tourn"]
[EventRounds "5"]
[EventCountry "CAN"]

1. c4 Nf6 2. g3 e5 3. Bg2 d5 4. cxd5 Nxd5 5. Nc3 Nb6 6. Nf3 Nc6 7. O-O Be7 8.
a3 a5 9. d3 Be6 10. Be3 O-O 11. Na4 Bd5 12. Nxb6 cxb6 13. Qa4 Re8 14. Rac1 Bf8
15. Rfe1 Na7 16. Ng5 b5 17. Qh4 h6 18. Bxd5 Qxd5 19. Qe4 Qxe4 20. Nxe4 Nc6 21.
Nc5 Bxc5 22. Rxc5 b4 23. Rb5 Re7 24. axb4 axb4 25. Bc5 Rd7 26. Bxb4 e4 27. dxe4
Ra4 28. Bc3 Rxe4 29. e3 f6 30. Ra1 Kf7 31. Kg2 Re8 32. h4 Rc8 33. Ra4 Re8 34.
g4 Ree7 35. g5 hxg5 36. hxg5 Re6 37. Rf4 Ne7 38. gxf6 gxf6 39. Rfb4 b6 40. Rxb6
Rxb6 41. Rxb6 Nd5 42. Rc6 Rd8 43. Kf3 f5 44. Be5 Re8 45. Bd4 Rb8 46. Rd6 Rb5
47. Ke2 Ke7 48. Rh6 Rb3 49. Kd2 Nc7 50. Be5 Nd5 51. Kc2 Rb5 52. Bd4 Rb8 53.
Bc5+ Kf7 54. Rd6 Nb4+ 55. Bxb4 Rxb4 56. Kc3 Rb8 57. Rd4 Ke6 58. b4 Rc8+ 59. Rc4
Rb8 60. Rc5 Rf8 61. f4 Kd6 62. Kd4 Rb8 63. Rd5+ Ke6 64. Re5+ Kd6 65. b5 Rf8 66.
Kc4 Kc7 67. Kc5 Rf6 68. b6+ Kb7 69. Re7+ Kb8 70. Kb5 Ka8 71. Ka6 Rf8 72. e4
fxe4 73. Rxe4 Kb8 74. f5 Kc8 75. Ka7 1-0

[Event "2016 Alberta Championship"]
[Site "Edmonton"]
[Date "2016.03.26"]
[Round "2"]
[White "Banerjee, Bitan"]
[Black "Pechenkin, Vladimir"]
[Result "1-0"]
[WhiteElo "2320"]
[BlackElo "2309"]
[PlyCount "43"]
[EventDate "2016.03.25"]
[EventType "tourn"]
[EventRounds "5"]
[EventCountry "CAN"]

1. d4 f5 2. Nc3 Nf6 3. Bf4 g6 4. e3 Bg7 5. h4 O-O 6. h5 Nxh5 7. Rxh5 gxh5 8.
Qxh5 e6 9. Nf3 d6 10. Bc4 Qe8 11. Qh2 Bd7 12. O-O-O Rf6 13. Rh1 h6 14. e4 fxe4
15. Nxe4 Rxf4 16. Qxf4 Qf7 17. Qg4 Nc6 18. Rxh6 d5 19. Nf6+ Kf8 20. Nxd7+ Qxd7
21. Rxe6 dxc4 22. Rf6+ 1-0

[Event "2016 Alberta Championship"]
[Site "Edmonton"]
[Date "2016.03.26"]
[Round "2"]
[White "Haessel, Dale"]
[Black "Matras-Clement, Agnieszka"]
[Result "1/2-1/2"]
[WhiteElo "2212"]
[BlackElo "2243"]
[PlyCount "122"]
[EventDate "2016.03.25"]
[EventType "tourn"]
[EventRounds "5"]
[EventCountry "CAN"]

1. d4 d5 2. c4 c6 3. Nf3 Nf6 4. e3 Bf5 5. Nc3 e6 6. Nh4 Bg6 7. Qb3 Qc7 8. Bd2
Nbd7 9. Rc1 Rc8 10. Nxg6 hxg6 11. g3 Be7 12. Be2 Nb6 13. c5 Nbd7 14. f4 O-O 15.
g4 b6 16. cxb6 Nxb6 17. g5 Ne8 18. Na4 Nd6 19. Ba5 Rb8 20. Nc5 Qc8 21. Qc3 Nbc4
22. Bxc4 Nxc4 23. b3 Bxc5 24. bxc4 Bb6 25. O-O Bxa5 26. Qxa5 e5 27. Rc2 exd4
28. exd4 dxc4 29. Qc3 Re8 30. Qxc4 Qh3 31. Qxc6 Qe3+ 32. Kh1 Qxd4 33. Qg2 Re4
34. Rd2 Qe3 35. Qf2 Qh3 36. Rfd1 Re3 37. Rf1 Rbe8 38. f5 gxf5 39. Qxf5 Qxf5 40.
Rxf5 R3e5 41. Rxe5 Rxe5 42. Rd7 Kh7 43. Rxf7 Ra5 44. Re7 Rxa2 45. h4 Ra4 46.
Kg2 Rxh4 47. Rxa7 Rg4+ 48. Kh2 Rxg5 49. Ra3 Kh6 50. Rb3 Kh5 51. Rh3+ Kg6 52.
Ra3 Kf6 53. Ra4 Kf5 54. Ra5+ Kg6 55. Ra6+ Kh5 56. Ra3 Rb5 57. Rh3+ Kg5 58. Rg3+
Kf6 59. Rd3 Kf5 60. Kg2 Rb4 61. Kf3 g6 {the scoresheets are illegible at this
point, but eventually} 1/2-1/2

[Event "2016 Alberta Championship"]
[Site "Edmonton"]
[Date "2016.03.26"]
[Round "2"]
[White "Ng, Gary"]
[Black "Valencia, Belsar"]
[Result "1/2-1/2"]
[WhiteElo "2228"]
[BlackElo "2283"]
[PlyCount "146"]
[EventDate "2016.03.25"]
[EventType "tourn"]
[EventRounds "5"]
[EventCountry "CAN"]

1. Nf3 Nf6 2. c4 g6 3. g3 Bg7 4. Bg2 d6 5. d4 O-O 6. O-O Nc6 7. Nc3 a6 8. Bf4
Bg4 9. d5 Na5 10. Qd3 c5 11. Nd2 Nh5 12. Bg5 h6 13. f3 Bd7 14. Be3 b5 15. Bf2
Nxc4 16. Nxc4 bxc4 17. Qxc4 Qb6 18. Rab1 Qb4 19. Qd3 Nf6 20. e4 Bb5 21. Nxb5
Qxb5 22. Qd2 a5 23. Rfe1 Nd7 24. f4 Qb4 25. Qc2 Rac8 26. a3 Qb7 27. b3 Rfe8 28.
Qd2 Rb8 29. Bf1 e6 30. dxe6 Rxe6 31. Bc4 Rf6 32. Qxa5 g5 33. Qd2 gxf4 34. gxf4
Rg6+ 35. Kh1 Nf6 36. Bd5 Nxd5 37. Qxd5 Qxd5 38. exd5 Rg4 39. Be3 Bc3 40. Rec1
Ba5 41. b4 cxb4 42. Bd2 Rb5 43. axb4 Bb6 44. Rc6 Rxd5 45. Rxb6 Rxd2 46. Rg1
Rxg1+ 47. Kxg1 Kg7 48. Rc6 Kf6 49. b5 Ke6 50. Rc7 f5 51. Rh7 Kd5 52. Rxh6 Ke4
53. Rg6 d5 54. h4 Rb2 55. b6 d4 56. Kf1 Kxf4 57. h5 d3 58. Ke1 Re2+ 59. Kd1 Re7
60. Kd2 Ke4 61. Rd6 Rb7 62. h6 f4 63. Re6+ Kd4 64. Rf6 f3 65. Rxf3 Rxb6 66.
Rxd3+ Ke5 67. Rh3 Rb8 68. h7 Rh8 69. Rh6 Kf5 70. Ke3 Kg5 71. Rh1 Kg6 72. Kf4
Rxh7 73. Rxh7 Kxh7 1/2-1/2

[Event "2016 Alberta Championship"]
[Site "Edmonton"]
[Date "2016.03.26"]
[Round "3"]
[White "Matras-Clement, Agnieszka"]
[Black "Ng, Gary"]
[Result "1/2-1/2"]
[WhiteElo "2243"]
[BlackElo "2228"]
[PlyCount "57"]
[EventDate "2016.03.25"]
[EventType "tourn"]
[EventRounds "5"]
[EventCountry "CAN"]

1. e4 c6 2. d4 d5 3. exd5 cxd5 4. c4 Nf6 5. Nc3 e6 6. Nf3 Bb4 7. cxd5 Nxd5 8.
Bd2 Nc6 9. Bd3 O-O 10. a3 Be7 11. O-O Bf6 12. Qc2 h6 13. Rad1 Nxd4 14. Nxd4
Bxd4 15. Be4 Bf6 16. Bc1 Bxc3 17. bxc3 Qa5 18. c4 Nf6 19. Bf3 e5 20. Bb2 Re8
21. Rfe1 Qc7 22. Qc3 Nd7 23. Bd5 Nb6 24. Rxe5 Rxe5 25. Qxe5 Qxe5 26. Bxe5 Nxd5
27. cxd5 Bd7 28. Rc1 Rc8 29. Rxc8+ 1/2-1/2

[Event "2016 Alberta Championship"]
[Site "Edmonton"]
[Date "2016.03.26"]
[Round "3"]
[White "Pechenkin, Vladimir"]
[Black "Haessel, Dale"]
[Result "1/2-1/2"]
[WhiteElo "2309"]
[BlackElo "2212"]
[PlyCount "131"]
[EventDate "2016.03.25"]
[EventType "tourn"]
[EventRounds "5"]
[EventCountry "CAN"]

1. c4 c5 2. g3 Nc6 3. Bg2 g6 4. Nc3 Bg7 5. Nf3 e6 6. d3 Nge7 7. Bg5 h6 8. Bd2
d6 9. Qc1 b6 10. Rb1 Bb7 11. O-O Qd7 12. a3 Rd8 13. b4 Nd4 14. Nxd4 cxd4 15.
Nd1 Bxg2 16. Kxg2 g5 17. e4 dxe3 18. fxe3 Ng6 19. Bc3 Ne5 20. Nf2 f5 21. Bxe5
Bxe5 22. Qd1 O-O 23. d4 Bg7 24. Qd3 Qb7+ 25. d5 Rde8 26. e4 fxe4 27. Nxe4 Rxf1
28. Rxf1 exd5 29. Nf6+ Bxf6 30. Qg6+ Kh8 31. Qxh6+ Qh7 32. Qxf6+ Qg7 33. Qxg7+
Kxg7 34. cxd5 Re5 35. Rc1 a5 36. Rc6 axb4 37. axb4 Rxd5 38. Rxb6 g4 39. Kf2 Kf6
40. Ke3 Ke5 41. Rb8 Rd1 42. Re8+ Kd5 43. Rg8 Rd4 44. Rg5+ Kc4 45. b5 d5 46. b6
Re4+ 47. Kd2 Kc5 48. b7 Rb4 49. Rxg4 Rxb7 50. h4 d4 51. Kd3 Rb3+ 52. Ke4 Re3+
53. Kf4 Re1 54. Rg8 d3 55. Rd8 Kc4 56. g4 Kc3 57. g5 d2 58. g6 d1=Q 59. Rxd1
Rxd1 60. h5 Kd4 61. Kf5 Rh1 62. g7 Rxh5+ 63. Kg6 Rh1 64. g8=Q Rg1+ 65. Kf7 Rxg8
66. Kxg8 1/2-1/2

[Event "2016 Alberta Championship"]
[Site "Edmonton"]
[Date "2016.03.26"]
[Round "3"]
[White "Valencia, Belsar"]
[Black "Banerjee, Bitan"]
[Result "0-1"]
[WhiteElo "2283"]
[BlackElo "2320"]
[PlyCount "64"]
[EventDate "2016.03.25"]
[EventType "tourn"]
[EventRounds "5"]
[EventCountry "CAN"]

1. d4 Nf6 2. c4 g6 3. Nc3 Bg7 4. e4 d6 5. f3 O-O 6. Bg5 c5 7. d5 e6 8. Nge2 h6
9. Be3 exd5 10. cxd5 a6 11. a4 Nbd7 12. Nc1 Nh5 13. g4 Nhf6 14. Be2 Nh7 15. O-O
f5 16. gxf5 gxf5 17. Kh1 f4 18. Bd2 Ng5 19. Nd3 Nh3 20. b4 cxb4 21. Nxb4 Ne5
22. Nd3 Nxd3 23. Bxd3 Be5 24. Ne2 Kh8 25. Bc3 Rg8 26. Qd2 Qh4 27. Bxe5+ dxe5
28. Qb2 Rg5 29. Qb6 Rg7 30. Ra2 Bd7 31. Rc2 Rag8 32. Nc3 Qg5 0-1

[Event "2016 Alberta Championship"]
[Site "Edmonton"]
[Date "2016.03.27"]
[Round "4"]
[White "Haessel, Dale"]
[Black "Valencia, Belsar"]
[Result "1-0"]
[WhiteElo "2212"]
[BlackElo "2283"]
[PlyCount "91"]
[EventDate "2016.03.25"]
[EventType "tourn"]
[EventRounds "5"]
[EventCountry "CAN"]

1. d4 Nf6 2. c4 g6 3. Nc3 Bg7 4. e4 d6 5. Be2 O-O 6. Be3 e5 7. d5 Na6 8. g4 Nc5
9. Bf3 a5 10. h4 Qd7 11. g5 Nh5 12. Bxh5 gxh5 13. Bxc5 dxc5 14. Qxh5 Ra6 15.
Qe2 f6 16. Nh3 Qe7 17. O-O-O Bxh3 18. Rxh3 fxg5 19. hxg5 Qxg5+ 20. Kb1 Rg6 21.
Rg3 Qh4 22. Rxg6 hxg6 23. f3 Qg3 24. d6 cxd6 25. Rxd6 Kh7 26. Rd3 Rf4 27. Na4
Rh4 28. Rd1 Rh2 29. Qd3 Qf2 30. a3 Kh6 31. Ka2 Kg5 32. Qd7 Kh6 33. Qd3 Bf6 34.
Qb3 Rh3 35. Qxb7 Qxf3 36. Rd7 Bh4 37. Nxc5 Qe2 38. Qd5 Rh2 39. Rb7 Bg3 40. Qg8
Kg5 41. Ne6+ Kg4 42. Qxg6+ Kh3 43. Rb3 Qe1 44. Qh5+ Kg2 45. Qf3+ Kh3 46. Rb8
1-0

[Event "2016 Alberta Championship"]
[Site "Edmonton"]
[Date "2016.03.27"]
[Round "4"]
[White "Matras-Clement, Agnieszka"]
[Black "Pechenkin, Vladimir"]
[Result "1/2-1/2"]
[WhiteElo "2243"]
[BlackElo "2309"]
[PlyCount "77"]
[EventDate "2016.03.25"]
[EventType "tourn"]
[EventRounds "5"]
[EventCountry "CAN"]

1. e4 e6 2. d4 d5 3. exd5 exd5 4. c4 Nf6 5. Nc3 Bb4 6. Nf3 O-O 7. Bd3 dxc4 8.
Bxc4 Nc6 9. O-O Bg4 10. Be3 Qd6 11. h3 Bxf3 12. Qxf3 Nxd4 13. Qxb7 Rfb8 14. Qa6
Qxa6 15. Bxa6 Nc2 16. Rac1 Nxe3 17. fxe3 Bc5 18. Nd5 Bb6 19. Nxf6+ gxf6 20. Kh1
Bxe3 21. Rxc7 Rxb2 22. Bc4 Rf8 23. Rxf6 Rb1+ 24. Kh2 Bd4 25. Rf5 Kh8 26. Rfxf7
Rxf7 27. Rxf7 h6 28. Kg3 Rc1 29. Bb3 Rc7 30. Rf5 Rc5 31. Rf8+ Kg7 32. Rd8 Rg5+
33. Kf3 Bb6 34. Rd7+ Kf6 35. Rd6+ Kg7 36. g4 Rc5 37. h4 Rc3+ 38. Kg2 Rg3+ 39.
Kxg3 1/2-1/2

[Event "2016 Alberta Championship"]
[Site "Edmonton"]
[Date "2016.03.27"]
[Round "4"]
[White "Ng, Gary"]
[Black "Banerjee, Bitan"]
[Result "1/2-1/2"]
[WhiteElo "2228"]
[BlackElo "2320"]
[PlyCount "85"]
[EventDate "2016.03.25"]
[EventType "tourn"]
[EventRounds "5"]
[EventCountry "CAN"]

1. d4 Nf6 2. c4 g6 3. Nf3 Bg7 4. g3 O-O 5. Bg2 d6 6. O-O Nbd7 7. Nc3 e5 8. e4
exd4 9. Nxd4 Nc5 10. Re1 Re8 11. h3 h6 12. Rb1 a5 13. Bf4 Bd7 14. Kh2 a4 15.
Ndb5 h5 16. Qc2 h4 17. g4 Bc6 18. Rbd1 g5 19. Bc1 Bxb5 20. Nxb5 Nh7 21. Nd4
Be5+ 22. Kg1 Qf6 23. Nf5 Nf8 24. b4 axb3 25. axb3 Nce6 26. Be3 Nd7 27. Rb1 Ra3
28. b4 b6 29. Qc1 Ra2 30. Bf1 Rea8 31. c5 bxc5 32. Bb5 Ra1 33. Qc2 R8a2 34. Qd3
Nb6 35. Rxa1 Rxa1 36. Rxa1 Bxa1 37. bxc5 dxc5 38. Bc4 Nxc4 39. Qxc4 Bd4 40. Bd2
Ng7 41. Nxd4 cxd4 42. Qxc7 Ne6 43. Qc8+ 1/2-1/2

[Event "2016 Alberta Championship"]
[Site "Edmonton"]
[Date "2016.03.27"]
[Round "5"]
[White "Banerjee, Bitan"]
[Black "Haessel, Dale"]
[Result "1/2-1/2"]
[WhiteElo "2320"]
[BlackElo "2212"]
[PlyCount "53"]
[EventDate "2016.03.25"]
[EventType "tourn"]
[EventRounds "5"]
[EventCountry "CAN"]

1. d4 Nf6 2. c4 g6 3. Nc3 d5 4. Nf3 Bg7 5. Bg5 Ne4 6. Bh4 Nxc3 7. bxc3 c5 8.
cxd5 Qxd5 9. e3 cxd4 10. cxd4 Nc6 11. Be2 e5 12. dxe5 Qa5+ 13. Qd2 Qxd2+ 14.
Kxd2 O-O 15. Rab1 Nxe5 16. Nd4 Nd7 17. Bf3 Nb6 18. Rhc1 f5 19. a4 Nxa4 20. Rb4
Nb6 21. Ra1 Bf6 22. Bg3 Nd7 23. Bd6 Rd8 24. Bd5+ Kh8 25. Bxb7 Bxb7 26. Rxb7 Ne5
27. Bxe5 1/2-1/2

[Event "2016 Alberta Championship"]
[Site "Edmonton"]
[Date "2016.03.27"]
[Round "5"]
[White "Pechenkin, Vladimir"]
[Black "Ng, Gary"]
[Result "0-1"]
[WhiteElo "2309"]
[BlackElo "2228"]
[PlyCount "54"]
[EventDate "2016.03.25"]
[EventType "tourn"]
[EventRounds "5"]
[EventCountry "CAN"]

1. g3 e5 2. c4 Nf6 3. Bg2 d5 4. cxd5 Nxd5 5. Nc3 Nb6 6. Nf3 Nc6 7. O-O Be7 8.
a3 O-O 9. b4 Be6 10. Rb1 f6 11. d3 a5 12. b5 Nd4 13. Nd2 Qc8 14. e3 Nf5 15. Bb2
Rd8 16. Qc2 a4 17. Rfc1 Nd6 18. Nde4 Bb3 19. Qe2 Nf7 20. Nd1 Ra5 21. d4 Ba2 22.
Ra1 Bd5 23. f4 Qd7 24. Nc5 Qxb5 25. Qxb5 Rxb5 26. Nxb7 Rb8 27. Rxc7 Bxg2 0-1

[Event "2016 Alberta Championship"]
[Site "Edmonton"]
[Date "2016.03.27"]
[Round "5"]
[White "Valencia, Belsar"]
[Black "Matras-Clement, Agnieszka"]
[Result "1/2-1/2"]
[WhiteElo "2283"]
[BlackElo "2243"]
[PlyCount "26"]
[EventDate "2016.03.25"]
[EventType "tourn"]
[EventRounds "5"]
[EventCountry "CAN"]

1. Nf3 d5 2. g3 Nf6 3. Bg2 c6 4. O-O Bf5 5. b3 Nbd7 6. Bb2 Qc7 7. d4 e6 8. Nbd2
Be7 9. Nh4 Bg4 10. c4 O-O 11. Re1 Rfd8 12. Qc2 Rac8 13. Rac1 Bh5 1/2-1/2

[Event "2016 Alberta Reserves"]
[Site "Edmonton"]
[Date "2016.03.26"]
[Round "1.1"]
[White "Young, Joseph"]
[Black "Gardner, Robert"]
[Result "0-1"]
[WhiteElo "1808"]
[BlackElo "2251"]
[PlyCount "78"]
[EventDate "2016.03.26"]
[EventType "swiss"]
[EventRounds "5"]
[EventCountry "CAN"]

1. d4 Nf6 2. Nc3 g6 3. Bg5 Bg7 4. Qd2 h6 5. Bf4 d5 6. O-O-O c6 7. f3 b5 8. Kb1
Nbd7 9. g4 Nb6 10. Ka1 b4 11. Nb1 a5 12. g5 hxg5 13. Bxg5 Bf5 14. e3 Rh5 15.
Bf4 g5 16. Be5 Nc4 17. Bxc4 dxc4 18. e4 Be6 19. Ne2 Bh6 20. Ng3 Rh3 21. Bxf6
exf6 22. d5 g4 23. Qe2 gxf3 24. Qxf3 cxd5 25. exd5 Bd7 26. Qe4+ Kf8 27. Nf5 Bg5
28. Nd4 Qe7 29. Qg2 Re8 30. Nc6 Qe2 31. Qxe2 Rxe2 32. Nxa5 Rxc2 33. a3 c3 34.
bxc3 bxc3 35. Nb3 Rg2 36. Rdg1 Rxg1 37. Rxg1 c2 38. N1d2 Bxd2 39. Nxd2 Rd3 0-1

[Event "2016 Alberta Reserves"]
[Site "Edmonton"]
[Date "2016.03.26"]
[Round "1.2"]
[White "Rekhson, Vladislav"]
[Black "Koneru, Nimai"]
[Result "1/2-1/2"]
[WhiteElo "2218"]
[BlackElo "1805"]
[PlyCount "63"]
[EventDate "2016.03.26"]
[EventType "swiss"]
[EventRounds "5"]
[EventCountry "CAN"]

1. e4 c6 2. d4 d5 3. e5 Bf5 4. Ne2 e6 5. Ng3 Bg6 6. h4 h5 7. Bd3 Bxd3 8. cxd3
Be7 9. Nxh5 g6 10. Nf4 Rxh4 11. Rxh4 Bxh4 12. Nc3 Nd7 13. Qg4 Nh6 14. Qh3 Nf5
15. Nfe2 c5 16. dxc5 Nxe5 17. d4 Nc6 18. Qd3 Bf6 19. Be3 Bg5 20. O-O-O Bxe3+
21. fxe3 Qg5 22. Kb1 Qxe3 23. g4 Qxd3+ 24. Rxd3 Nfe7 25. Nb5 Kd7 26. Nd6 f5 27.
Nxb7 fxg4 28. Rg3 Nf5 29. Rxg4 Rb8 30. Nd6 Nxd6 31. cxd6 Kxd6 32. Rxg6 1/2-1/2

[Event "2016 Alberta Reserves"]
[Site "Edmonton"]
[Date "2016.03.26"]
[Round "1.3"]
[White "Yao, David"]
[Black "Villavieja, Butch"]
[Result "1/2-1/2"]
[WhiteElo "1789"]
[BlackElo "2129"]
[PlyCount "49"]
[EventDate "2016.03.26"]
[EventType "swiss"]
[EventRounds "5"]
[EventCountry "CAN"]

1. Nf3 Nf6 2. d3 d5 3. Nbd2 c5 4. e4 Nc6 5. g3 Bg4 6. Bg2 dxe4 7. dxe4 e5 8. c3
Qd3 9. Qe2 Qc2 10. O-O Be7 11. Qb5 Bxf3 12. Qxb7 O-O 13. Bxf3 Rfc8 14. Qa6 c4
15. Qxc4 Nd4 16. Bd1 Rxc4 17. Bxc2 Nxc2 18. Nxc4 Nxa1 19. Bg5 Rc8 20. Ne3 Rb8
21. Rxa1 Rxb2 22. Bxf6 gxf6 23. Kg2 Bc5 24. Kf3 h5 25. h4 1/2-1/2

[Event "2016 Alberta Reserves"]
[Site "Edmonton"]
[Date "2016.03.26"]
[Round "1.5"]
[White "White, Chris"]
[Black "Malek, Omid"]
[Result "1-0"]
[WhiteElo "1753"]
[BlackElo "2041"]
[PlyCount "91"]
[EventDate "2016.03.26"]
[EventType "swiss"]
[EventRounds "5"]
[EventCountry "CAN"]

1. d4 Nf6 2. c4 e6 3. Nc3 Bb4 4. Qc2 O-O 5. Nf3 d6 6. a3 Bxc3+ 7. bxc3 Nc6 8.
e4 e5 9. Be3 b6 10. Rd1 Qe7 11. Be2 Ba6 12. Nd2 Na5 13. O-O Qe6 14. Qa2 Ng4 15.
d5 Qd7 16. h3 Nxe3 17. fxe3 Qe7 18. Rf3 Nb7 19. Nb3 g6 20. Rdf1 Qh4 21. Bd3 f5
22. exf5 g5 23. e4 Rf6 24. Qf2 Qxf2+ 25. Kxf2 Kf7 26. g4 Ke7 27. Rh1 h5 28.
gxh5 Rh8 29. Rg3 Rxh5 30. Be2 Rh4 31. Rg4 Rfh6 32. Kg3 Kf6 33. Bd3 Rxg4+ 34.
Kxg4 Rh4+ 35. Kg3 Nd8 36. Nd2 Nf7 37. Nf3 Rf4 38. Nh2 Ke7 39. Ng4 Bc8 40. h4
gxh4+ 41. Rxh4 Ng5 42. f6+ Kf7 43. Nh6+ Kg6 44. Ng8 Rxh4 45. Kxh4 Nh7 46. Ne7+
1-0